| 000 | 00801nam a22001937a 4500 | ||
|---|---|---|---|
| 003 | AM-YeHGA | ||
| 005 | 20250617154159.0 | ||
| 008 | 180613s ||||| |||| 00| 0 rus d | ||
| 040 | _aAM-YeHGA | ||
| 041 | 0 | _arus | |
| 100 | 1 | _aСеребряков, Константин Константинович | |
| 245 | 1 | 0 |
_aРастительные сообщества : _bОчерк К.К. Серебрякова / _cК.К. Серебряков |
| 260 |
_aПетроград : _bП.П. Сойкин, _c1916. |
||
| 300 |
_a32 с.: _b[2] л. цв. ил. : ил. |
||
| 440 | 0 |
_aЗнание для всех : Общедоступн. журн. для самообразования... _v1916, № 5 |
|
| 653 | 0 | _aРастительные сообщества | |
| 942 |
_2udc _cBK |
||
| 090 | _c408707 | ||
| 999 |
_c406446 _d406446 |
||